000 00299nam a2200133Ia 4500
008 190216s9999||||xx |||||||||||||| ||und||
100 _aRay. M
245 0 _aText Book On Dynamics
250 _a12nd Ed.
260 _bSulthan Chand&Sons
_c1982
300 _a318
650 _aPhysics
942 _cBK
999 _c32923
_d32923